|
|
|
|
| LEADER |
00000naa a2200000uu 4500 |
| 001 |
vtls011080412 |
| 003 |
SK-MaSNL |
| 005 |
20260302112230.0 |
| 008 |
210905|2002 xo |||||||||||||||||slo| |
| 015 |
|
|
|a SNBRA
|
| 035 |
|
|
|a (urnnbn)urn:nbn:sk:snk:ar-a0ci0s
|
| 035 |
|
|
|a (uuid)eceb5ebf-57ce-4a6a-8f4d-00b07a1716e6
|
| 035 |
|
|
|a urn:nbn:sk:snk-aavo1e
|
| 040 |
|
|
|a SNKBUCL
|b slo
|c SNKBUCL
|e AACR2
|
| 041 |
0 |
|
|a slo
|
| 044 |
|
|
|a xo
|c SK
|
| 100 |
1 |
|
|a Kordačová, Jana
|4 aut
|9 10000
|
| 245 |
1 |
0 |
|a JE EMOČNÁ MALADJUSTÁCIA V RÔZNYCH OBDOBIACH ŽIVOTA NEVYHNUTNÁ?
|c Jana KORDAČOVÁ
|
| 773 |
0 |
|
|t Adjustačné problémy v rôznych obdobiach života
|d Bratislava : Ústav experimentálnej psychológie SAV, 2002
|g S. 63-71
|z 8088910110
|
| 958 |
|
|
|a OND
|
| 958 |
|
|
|a article12
|
| 958 |
|
|
|a chapter
|
| 999 |
|
|
|c 1250713
|d 1252643
|